MARC details
| 000 -LEADER |
| fixed length control field |
00824cam a2200205 4500 |
| 001 - CONTROL NUMBER |
| control field |
WB3738-20 |
| 008 - FIXED-LENGTH DATA ELEMENTS--GENERAL INFORMATION |
| fixed length control field |
011009n2001 000 0 eng u |
| 035 ## - SYSTEM CONTROL NUMBER |
| System control number |
(Sirsi) u115038 |
| 245 ## - TITLE STATEMENT |
| Title |
Act now |
| 260 ## - PUBLICATION, DISTRIBUTION, ETC. |
| Date of publication, distribution, etc. |
2001 |
| 490 ## - SERIES STATEMENT |
| Series statement |
CSM (Chartered Surveyor Monthly) |
| Volume/sequential designation |
5 October 2001, 5(1) |
| 520 ## - SUMMARY, ETC. |
| Summary, etc. |
To retain alternative chartered designations, chartered surveyors must have joined and maintained membership of the designated successor faculty by 31 December 2001. From 2002, using chartered designations will involve obtaining an approved professional qualification. Details of the designations involved and faculty to join. |
| 590 ## - LOCAL NOTE (RLIN) |
| Local note |
WB |
| 650 ## - SUBJECT ADDED ENTRY--TOPICAL TERM |
| Topical term or geographic name entry element |
CHARTERED ALTERNATIVE DESIGNATIONS |
| 650 ## - SUBJECT ADDED ENTRY--TOPICAL TERM |
| Topical term or geographic name entry element |
RICS |
| 650 ## - SUBJECT ADDED ENTRY--TOPICAL TERM |
| Topical term or geographic name entry element |
ABOUT RICS-RICS MEMBERS |
| 650 ## - SUBJECT ADDED ENTRY--TOPICAL TERM |
| Topical term or geographic name entry element |
FACULTIES |
| 690 ## - LOCAL SUBJECT ADDED ENTRY--TOPICAL TERM (OCLC, RLIN) |
| Topical term or geographic name as entry element |
RICS NEWS |
| 942 ## - ADDED ENTRY ELEMENTS (KOHA) |
| Suppress in OPAC |
0 |